[Event "Salou op 10th"]
[Site "Salou"]
[Date "2008.05.13"]
[Round "6"]
[White "Movsziszian, Karen"]
[Black "Lopez Martinez, Josep Manuel"]
[Result "1-0"]
[WhiteElo "2536"]
[BlackElo "2576"]
[PlyCount "91"]
[EventDate "2008.05.08"]
[EventType "swiss"]
[EventRounds "9"]
[EventCountry "ESP"]
[SourceTitle "CBM 124 Extra"]
[Source "ChessBase"]
[SourceDate "2008.07.03"]
[SourceVersion "1"]
[SourceVersionDate "2008.07.03"]
[SourceQuality "1"]

1. Nf3 Nf6 2. g3 d5 3. Bg2 c6 4. O-O Bf5 5. d3 e6 6. Nbd2 h6 7. Qe1 Be7 8. e4 Bh7 9. Ne5 O-O ({RR} 9... Na6 10. Qe2 Nb4 11. c3 Na6 12. d4 O-O 13. Nxc6 bxc6 14. Qxa6 dxe4 15. Qxc6 Qd5 16. Qa6 e5 17. Nb3 exd4 18. Nxd4 Bc5 19. Be3 Ng4 20. Rad1 Qh5 21. h3 Nxe3 22. fxe3 Qg5 23. Rf4 Qxg3 24. Qe2 {Morozevich,A (2755)-Karpov,A (2670) Moscow 2007 1-0 (33)}) ({RR} 9... Nbd7 10. Nxd7 Nxd7 {½-½ (10) Movsziszian,K (2534)-Firat,B (2403) Istanbul 2010}) 10. f4 Na6 ({RR} 10... Qc7 11. Qe2 Re8 12. Kh1 Nbd7 13. Nxd7 Nxd7 14. g4 Rad8 15. Nb3 Bf8 16. g5 hxg5 17. fxg5 Bd6 18. h4 f6 19. h5 fxg5 20. Bxg5 Rc8 21. h6 Ne5 22. Bh3 dxe4 23. dxe4 Nf7 24. Bd2 Qe7 25. Qg2 {Junker,C (1995)-Poschadel,A (2107) Heusenstamm GER 2022 1-0 (37)}) 11. Kh1 dxe4 $146 ({RR} 11... Nc5 12. g4 Ne8 13. Nef3 dxe4 14. dxe4 Nd6 15. Ng1 Qa5 16. Qe3 Rad8 17. Ne2 Qb6 18. Nc3 Nb5 19. Nxb5 Qxb5 20. b3 Bf6 21. e5 Be7 22. a4 Qa6 23. Ra2 Nd7 24. Nc4 Nb6 25. Nd6 Nd5 26. Qc5 {Hautot,S (2338)-Malakhatko,V (2499) Charleroi 2018 0-1 (64)}) ({RR} 11... Re8 12. g4 Nd7 13. Nxd7 Qxd7 14. Nf3 c5 15. g5 hxg5 16. fxg5 Bd6 17. Nh4 Nb4 18. Qd1 Be5 19. Bd2 Nc6 20. exd5 exd5 21. Qh5 Rad8 22. Rxf7 Qxf7 23. g6 Bxg6 24. Nxg6 Qe6 25. Bg5 Rd6 26. Rf1 {Vaganian,R (2615)-Van der Vorm,T (2405) Netherlands 1996 1-0}) 12. dxe4 Nc5 13. Qe2 Qd4 14. Re1 Rad8 15. a4 Ncd7 16. Nd3 Qb6 17. b3 Nc5 18. Nf2 Qa6 19. Qe3 Ncd7 20. Bb2 Bb4 21. Rad1 Qa5 22. Nc4 Qc7 23. Rf1 b5 24. Ne5 Bc5 25. Qe2 bxa4 26. bxa4 Qb6 27. Ned3 Bxf2 28. Rxf2 Nc5 29. Bxf6 gxf6 30. Rff1 Nxa4 31. Qg4+ Kh8 32. Qh4 Kg7 33. e5 f5 34. Qf6+ Kg8 35. Qxh6 Nc3 36. Rde1 Rd7 37. h4 Qd8 38. Bxc6 Rc7 39. Bf3 f6 40. g4 fxg4 41. Bxg4 f5 42. Bf3 Kh8 43. Rg1 Ne4 44. Bxe4 fxe4 45. Nc5 e3 46. Nxe6 1-0

[Event "Kaupthing op"]
[Site "Differdange"]
[Date "2008.05.10"]
[Round "8"]
[White "Bauer, Christian"]
[Black "Danielsen, Henrik"]
[Result "1-0"]
[WhiteElo "2619"]
[BlackElo "2510"]
[PlyCount "61"]
[EventDate "2008.05.10"]
[EventType "swiss"]
[EventRounds "9"]
[EventCountry "LUX"]
[SourceTitle "CBM 124 Extra"]
[Source "ChessBase"]
[SourceDate "2008.07.03"]
[SourceVersion "1"]
[SourceVersionDate "2008.07.03"]
[SourceQuality "1"]

1. Nf3 f5 2. d3 d6 3. e4 Nc6 4. Nc3 ({RR} 4. exf5 Bxf5 5. d4 Nf6 6. Bb5 a6 7. Ba4 b5 8. Bb3 Na5 9. O-O g6 10. Re1 Nxb3 11. axb3 Bg7 12. h3 O-O 13. Nbd2 Qd7 14. Nf1 h6 15. Ng3 Rf7 16. Nxf5 gxf5 17. d5 c6 18. dxc6 Qxc6 {Svane,R (2633)-Bareev,E (2611) chess.com INT 2024 1-0 (68)}) ({RR} 4. exf5 Bxf5 5. d4 Nf6 6. Bd3 Qd7 7. Nc3 Nb4 8. O-O Nxd3 9. cxd3 h6 10. d5 g5 11. Nd4 Bg7 12. Re1 O-O 13. Ne6 Rf7 14. Qb3 c6 15. Bxg5 hxg5 16. Nxg5 Nxd5 17. Nxd5 cxd5 18. Nxf7 Kxf7 {Gregersen,E (1897)-Nielsen,T (2057) Sandavagur FAI 2024 1-0 (77)}) 4... e5 5. exf5 Bxf5 6. d4 Nb4 $146 ({RR} 6... Nf6 7. Bb5 exd4 8. Nxd4 Bd7 9. O-O Be7 10. Bc4 Nxd4 11. Qxd4 c6 12. Bg5 d5 13. Bxf6 Bxf6 14. Rfe1+ Kf7 15. Bxd5+ cxd5 16. Qxd5+ Kg6 17. Qxb7 Bf5 18. Nd5 Re8 19. Ne3 Be4 20. Qa6 Qb6 21. Qa4 {Burger,H (2060)-Krieger,H (2133) Berlin 2012 0-1 (31)}) ({RR} 6... Nxd4 7. Nxd4 exd4 8. Qxd4 Nf6 9. Bc4 c6 10. Bg5 Be7 11. O-O-O b5 12. Bb3 a5 13. Rhe1 Kf8 14. a4 bxa4 15. Nxa4 d5 16. Re5 Bd7 17. Nb6 Rb8 18. Nxd7+ Qxd7 19. Rde1 Bb4 20. c3 Bd6 21. Re6 {Karavade,E (2307)-Navabi,S (2107) Beirut 2004 1-0}) 7. Bb5+ c6 8. Ba4 e4 9. Ng5 d5 10. f3 e3 11. f4 Bd6 12. O-O Nf6 13. a3 Na6 14. Bxe3 O-O 15. Qd2 Ng4 16. Nf3 Nc7 17. Bb3 Nxe3 18. Qxe3 Bxf4 19. Qxf4 Bxc2 20. Qxf8+ Qxf8 21. Bxc2 Qf4 22. Rae1 Re8 23. g3 Qg4 24. Ne2 Nb5 25. Kg2 Nd6 26. Nf4 Rf8 27. h3 Qd7 28. Ng5 g6 29. Nfe6 Ra8 30. h4 h6 31. Rf6 1-0

[Event "Guillermo Garcia Memorial 16th"]
[Site "Santa Clara"]
[Date "2008.05.21"]
[Round "3"]
[White "Arencibia Rodriguez, Walter"]
[Black "Matsuura, Everaldo"]
[Result "1-0"]
[WhiteElo "2534"]
[BlackElo "2500"]
[PlyCount "61"]
[EventDate "2008.05.19"]
[EventType "tourn"]
[EventRounds "9"]
[EventCountry "CUB"]
[EventCategory "11"]
[SourceTitle "CBM 124 Extra"]
[Source "ChessBase"]
[SourceDate "2008.07.03"]
[SourceVersion "1"]
[SourceVersionDate "2008.07.03"]
[SourceQuality "1"]

1. b3 d5 2. Bb2 c5 3. e3 a6 4. Nf3 Nc6 5. Be2 e6 6. d4 Nf6 7. O-O Be7 8. c4 O-O 9. Nc3 cxd4 10. exd4 Bd7 11. Rc1 $146 ({RR} 11. c5 b6 12. cxb6 Qxb6 13. Na4 Qa7 14. Rc1 Nb4 15. Nc3 Rfc8 16. a3 Nc6 17. b4 Nd8 18. Ne5 Be8 19. Qd2 Qb6 20. Bf3 Nb7 21. Ne2 Nd6 22. Rxc8 Rxc8 23. Rc1 Nc4 24. Nxc4 dxc4 25. Nc3 h6 {Estelle,V-Manea,A Tortosa 1992 0-1 (51)}) 11... Rc8 12. c5 Ne4 13. Na4 Be8 14. Nb6 Rc7 15. a3 f5 16. b4 g5 17. Nd2 Bf6 18. Nxe4 dxe4 19. Bc4 Nxd4 20. Bxd4 Bxd4 21. Bxe6+ Bf7 22. Bxf7+ Rcxf7 23. Qb3 Kh8 24. Rcd1 Qf6 25. Qc4 Be5 26. Nd7 Qe7 27. Nxf8 Rxf8 28. c6 Qc7 29. Qc5 Rf6 30. cxb7 Bxh2+ 31. Kh1 1-0

[Event "FRA-chT Top 16 Gp Haute"]
[Site "Evry"]
[Date "2008.05.31"]
[Round "10"]
[White "Bologan, Viktor"]
[Black "Kasimdzhanov, Rustam"]
[Result "1-0"]
[WhiteElo "2665"]
[BlackElo "2681"]
[PlyCount "81"]
[EventDate "2008.05.29"]
[EventType "team"]
[EventRounds "11"]
[EventCountry "FRA"]
[SourceTitle "CBM 124 Extra"]
[Source "ChessBase"]
[SourceDate "2008.07.03"]
[SourceVersion "1"]
[SourceVersionDate "2008.07.03"]
[SourceQuality "1"]

1. e4 e6 2. d3 d5 3. Nd2 c5 4. Ngf3 Nc6 5. g3 Bd6 6. Bg2 Nge7 7. O-O O-O 8. Re1 Bc7 9. c3 d4 10. Nb3 ({RR} 10. cxd4 cxd4 11. a3 e5 12. b4 b5 13. Nb3 a5 14. bxa5 Nxa5 15. Bd2 Nec6 16. Qc2 Nxb3 17. Qxb3 Na5 18. Bxa5 Bxa5 19. Reb1 Bc3 20. Nxe5 Be6 21. Qxb5 Ra5 22. Qb7 Rxe5 {0-1 (22) Ciuro Munoz,R (1870)-Jurek,J (2211) Assisi ITA 2022}) 10... Bb6 11. e5 $146 ({RR} 11. cxd4 cxd4 12. e5 a5 {½-½ (12) Reinderman,D (2541)-Nikolic,P (2633) Rotterdam 1999}) ({RR} 11. cxd4 cxd4 12. e5 Ng6 13. h4 Bc7 14. Bg5 Qe8 15. Rc1 h6 16. h5 Ngxe5 17. Nxe5 Bxe5 18. Bxh6 Bf6 19. Bd2 Qe7 20. Nc5 Rb8 21. b4 Nd8 22. h6 e5 23. Ne4 Bf5 24. f4 Ne6 25. Nxf6+ Qxf6 {Ivkov,B (2525)-Smejkal,J (2550) Rio de Janeiro 1979 ½-½ (41)}) 11... Na5 12. Ng5 Nxb3 13. axb3 Nf5 14. Be4 f6 15. exf6 Qxf6 16. Bg2 Bd7 17. c4 Rae8 18. Bf4 h6 19. Ne4 Qe7 20. Nd2 Nh4 21. Bxb7 Ng6 22. Be5 Rf5 23. f4 Nxe5 24. fxe5 Ref8 25. Be4 Rf2 26. Nf3 Rxb2 27. Ra3 Rxf3 28. Qxf3 Qg5 29. Rf1 Qe3+ 30. Qxe3 dxe3 31. Re1 Be8 32. Rxe3 Kf8 33. Rf3+ Ke7 34. Rf2 Rb1+ 35. Kg2 a5 36. Rfa2 g5 37. g4 a4 38. bxa4 Ba5 39. Rc2 h5 40. h3 h4 41. Raa2 1-0

[Event "Arctic Chess Challenge"]
[Site "Tromsoe"]
[Date "2008.08.09"]
[Round "8"]
[White "Kunin, Vitaly L"]
[Black "Malakhatko, Vadim"]
[Result "1-0"]
[WhiteElo "2532"]
[BlackElo "2612"]
[PlyCount "185"]
[EventDate "2008.08.02"]
[EventType "swiss"]
[EventRounds "9"]
[EventCountry "NOR"]
[SourceTitle "CBM 125 Extra"]
[Source "ChessBase"]
[SourceDate "2008.09.01"]
[SourceVersion "1"]
[SourceVersionDate "2008.09.01"]
[SourceQuality "1"]

1. Nf3 d5 2. g3 Bg4 3. Bg2 Nd7 4. d4 e6 5. O-O Bd6 6. Nbd2 ({RR} 6. b3 Ne7 7. Bb2 O-O 8. Nbd2 c5 9. h3 Bh5 10. e3 Nc6 11. dxc5 Bxc5 12. c4 Nb6 13. Qe2 Qe7 14. a3 a5 15. Rfc1 Rac8 16. cxd5 Nxd5 17. Ne4 Ba7 18. Qb5 Rc7 19. Nc3 Rd8 20. Rd1 Rcd7 {Espinoza Palomino,W (2346)-Shirov,A (2665) chess.com INT 2024 0-1 (46)}) ({RR} 6. Nc3 c6 7. e4 Ne7 8. Re1 O-O 9. Be3 Bh5 10. Qd2 Bb4 11. e5 c5 12. a3 cxd4 13. Bxd4 Ba5 14. b4 Bc7 15. Nb5 Nc6 16. Nxc7 Qxc7 17. Bb2 Bxf3 18. Bxf3 Ndxe5 19. Qf4 Nxf3+ 20. Qxf3 Rad8 {Auque,B (1981)-Malakhatko,V (2633) Bastia/Ajaccio 2008 0-1 (43)}) 6... c6 7. e4 Ne7 8. Re1 $146 ({RR} 8. h3 Bh5 9. c3 O-O 10. Qe2 Bc7 11. Nb3 Re8 12. e5 Bb6 13. g4 Bg6 14. Be3 Rc8 15. Nh4 c5 16. Nxg6 hxg6 17. f4 a6 18. Bf3 cxd4 19. cxd4 Rc4 20. Qd2 Qc7 21. Rac1 Rxc1 22. Rxc1 Qb8 {Prudnikova,S (2428)-Trabert,B (2259) Istanbul 2000 1-0 (54)}) ({RR} 8. c4 O-O 9. b3 Bh5 10. Bb2 a5 11. Re1 h6 12. Qe2 Re8 13. c5 Bc7 14. e5 b6 15. Rac1 Qb8 16. cxb6 Bxb6 17. Qf1 Bg6 18. Nh4 Bh7 19. Qe2 Qa7 20. Nhf3 Rec8 21. g4 c5 22. dxc5 Nxc5 {Berkovich,M (2399)-Malakhatko,V (2571) Winterthur 2004 ½-½ (53)}) 8... O-O 9. c3 Bh5 10. Qb3 Rb8 11. c4 a5 12. h3 Bc7 13. Qe3 Re8 14. b3 h6 15. Ba3 Bxf3 16. Nxf3 Nf6 17. e5 Nf5 18. Qd3 Nd7 19. Rac1 Ne7 20. Bd6 Bxd6 21. exd6 Ng6 22. h4 Nf6 23. c5 Nd7 24. a3 b5 25. Bh3 Ngf8 26. Re3 h5 27. Rce1 Nh7 28. Kh1 Qf6 29. Qd2 Ra8 30. Qe2 g6 31. Rd1 Kg7 32. Ne1 Nhf8 33. Nf3 Nh7 34. Rd2 a4 35. b4 Kg8 36. Kg1 Kg7 37. Kh1 Kg8 38. Kg2 Kg7 39. Rd1 Rab8 40. Rh1 Ra8 41. Kf1 Rab8 42. Rg1 Kh8 43. Qd2 Qg7 44. Qe2 Qf6 45. Ke1 Ra8 46. Kd2 Rab8 47. Rc1 Ra8 48. Rd1 Rab8 49. Kc3 Kg7 50. Ne1 Kh8 51. Nd3 Qg7 52. Re1 Nhf6 53. f3 Rg8 54. Qd2 Rbe8 55. Nf4 g5 56. hxg5 Qxg5 57. Ne2 Rg7 58. Kb2 Reg8 59. Rh1 Rh7 60. Qc3 Qg7 61. Bf1 Nf8 62. Rh3 Ng6 63. Nc1 Nd7 64. Bd3 Qf6 65. Ne2 Rh6 66. Bc2 Ngf8 67. f4 Qg7 68. f5 Nf6 69. Nf4 Ng4 70. Re2 Qg5 71. Qd2 exf5 72. Re7 Rh7 73. Rc7 Ne6 74. Rxc6 h4 75. Rxh4 Rxh4 76. gxh4 Qxf4 77. Qxf4 Nxf4 78. d7 Ne6 79. Rc8 Nf6 80. c6 Nxd7 81. cxd7 f4 82. Rxg8+ Kxg8 83. Bf5 Nd8 84. Kc3 Kg7 85. Bd3 Kf6 86. Bxb5 Ke7 87. Bxa4 f3 88. Kd2 Ne6 89. Ke3 f2 90. Kxf2 Nxd4 91. h5 Nf5 92. Kf3 d4 93. Bb5 1-0

[Event "Wch U20"]
[Site "Gaziantep"]
[Date "2008.08.15"]
[Round "13"]
[White "Amin, Bassem"]
[Black "Mamedov, Rauf"]
[Result "1-0"]
[WhiteElo "2561"]
[BlackElo "2627"]
[PlyCount "55"]
[EventDate "2008.08.03"]
[EventType "swiss"]
[EventRounds "13"]
[EventCountry "TUR"]
[SourceTitle "CBM 125 Extra"]
[Source "ChessBase"]
[SourceDate "2008.09.01"]
[SourceVersion "1"]
[SourceVersionDate "2008.09.01"]
[SourceQuality "1"]

1. Nf3 c5 2. g3 Nf6 3. Bg2 g6 4. O-O Bg7 5. Re1 d5 6. d3 O-O 7. Nbd2 Nc6 8. e4 e6 9. Qe2 b6 10. Nf1 dxe4 11. dxe4 Nd7 12. e5 a5 13. Bf4 Ba6 14. c4 Rc8 $146 ({RR} 14... Qc7 15. Rad1 Rad8 16. Rd2 Nd4 17. Nxd4 cxd4 18. Rxd4 Nc5 19. Rd6 Nb7 20. Rc6 Qb8 21. Rxb6 Qa7 22. Be3 {1-0 (22) Yoo,C (2550)-Romanchuk,V (2266) Chess.com INT 2022}) ({RR} 14... Qc7 15. Rad1 Rad8 16. Rd2 Nd4 17. Nxd4 cxd4 18. Rxd4 Nc5 19. Rd6 Nb7 20. Rc6 Qb8 21. Rxb6 Qa7 22. Be3 {1-0 (22) Yoo,C (2550)-Romanchuk,V (2266) Chess.com INT 2022}) 15. Rad1 Qe7 16. h4 Nd4 17. Nxd4 cxd4 18. Rxd4 Rc5 19. Bg5 Qe8 20. Qd2 Rxe5 21. Rxe5 Nxe5 22. Rd8 Qa4 23. Be7 Qxc4 24. Bxf8 Nf3+ 25. Bxf3 Qxf1+ 26. Kh2 Bxf8 27. Qd6 Qxf2+ 28. Bg2 1-0

[Event "Moscow Tal Memorial Blitz"]
[Site "Moscow"]
[Date "2008.08.29"]
[Round "3"]
[White "Movsesian, Sergei"]
[Black "Gelfand, Boris"]
[Result "1-0"]
[WhiteElo "2723"]
[BlackElo "2720"]
[PlyCount "115"]
[EventDate "2008.08.29"]
[EventType "tourn (blitz)"]
[EventRounds "34"]
[EventCountry "RUS"]
[EventCategory "20"]
[SourceTitle "CBM 126 Extra"]
[Source "ChessBase"]
[SourceDate "2008.11.05"]
[SourceVersion "1"]
[SourceVersionDate "2008.11.05"]
[SourceQuality "1"]

1. e4 c5 2. d3 Nc6 3. g3 d5 4. Nd2 Nf6 5. Bg2 e5 6. Ngf3 Be7 7. O-O O-O 8. c3 Re8 9. exd5 Nxd5 10. Nc4 Bf8 11. Re1 f6 12. Qb3 Kh8 $146 ({RR} 12... Be6 13. Qxb7 Rc8 14. Nfd2 Re7 15. Qb3 Rd7 16. a3 Nb6 17. Qc2 Nxc4 18. dxc4 f5 19. Bxc6 Rxc6 20. Nf3 Bd6 21. Ng5 Qf6 22. Be3 Be7 23. Nxe6 Qxe6 24. Rad1 Rxd1 25. Rxd1 f4 26. Bc1 Qxc4 27. b3 {Salaun,Y (2386)-Relange,E (2499) France 2003 ½-½ (41)}) ({RR} 12... Be6 13. Qxb7 Rc8 14. Qb5 Qd7 15. Qa4 Red8 16. Nfd2 Bh3 17. Bxh3 Qxh3 18. Ne3 Nb6 19. Qe4 Qd7 20. a4 Qxd3 21. Qg4 Qd7 22. Qf3 Na5 23. h4 Nd5 24. Nec4 Nxc4 25. Nxc4 Qe6 26. Qe4 Nb6 27. Ne3 {Movsesian,S (2721)-Gritsak,O (2539) Warsaw 2010 1-0 (38)}) ({RR} 12... Re6 13. a4 g6 14. Bh3 Re7 15. Bxc8 Rxc8 16. Ne3 Rd7 17. Nxd5 Rxd5 18. Qxb7 Na5 19. Qb5 c4 20. Qa6 Rc6 21. Qxa7 Bc5 22. Qxa5 {0-1 (22) Renner,C (2442)-Hort,V (2541) Germany 2000}) 13. Ncxe5 Nxe5 14. Nxe5 Be6 15. Nc4 Nb6 16. Qc2 Nxc4 17. dxc4 Bxc4 18. Bf4 Qb6 19. b3 Bf7 20. h4 c4 21. b4 a5 22. bxa5 Rxe1+ 23. Rxe1 Qxa5 24. Bxb7 Qxa2 25. Qf5 Rd8 26. h5 Qa7 27. Be4 Bg8 28. h6 Qd7 29. hxg7+ Bxg7 30. Qh5 Re8 31. Rd1 Qf7 32. Qf3 f5 33. Bd5 Qe7 34. Bxg8 Rxg8 35. Rd5 Qe4 36. Qxe4 fxe4 37. Rc5 Bxc3 38. Rxc4 Bg7 39. Rxe4 Rf8 40. Kg2 Kg8 41. Re7 Rf7 42. Re6 Rd7 43. Be3 Kf7 44. Ra6 Re7 45. g4 Re6 46. Ra4 Re7 47. Kg3 Re6 48. Bg5 h6 49. Ra7+ Kg6 50. Be3 Re8 51. Ra6+ Kh7 52. Rc6 Rf8 53. f4 Bf6 54. f5 Rf7 55. Bf4 Kg7 56. Re6 Kh7 57. Kf3 Bg7 58. Ke4 1-0

[Event "Moscow Tal Memorial Blitz"]
[Site "Moscow"]
[Date "2008.08.30"]
[Round "21"]
[White "Movsesian, Sergei"]
[Black "Grischuk, Alexander"]
[Result "1-0"]
[WhiteElo "2723"]
[BlackElo "2728"]
[PlyCount "86"]
[EventDate "2008.08.29"]
[EventType "tourn (blitz)"]
[EventRounds "34"]
[EventCountry "RUS"]
[EventCategory "20"]
[SourceTitle "CBM 126 Extra"]
[Source "ChessBase"]
[SourceDate "2008.11.05"]
[SourceVersion "1"]
[SourceVersionDate "2008.11.05"]
[SourceQuality "1"]

1. Nf3 d5 2. g3 Nf6 3. Bg2 c6 4. O-O Bg4 5. d3 Nbd7 6. h3 Bh5 7. Qe1 e5 8. e4 Bd6 9. exd5 Bxf3 10. Bxf3 Nxd5 11. Nc3 Nxc3 12. bxc3 O-O 13. Rb1 Qc7 14. Bg2 $146 ({RR} 14. Bd2 f5 15. Qe2 Rae8 16. Bg2 Kh8 17. Qh5 Bc5 18. Bg5 Bb6 19. Rb4 Re6 20. Rh4 h6 21. d4 f4 22. gxf4 exd4 23. Qg4 Rg6 24. Be4 Rxf4 25. Qxf4 Qxf4 26. Rxf4 Rxg5+ 27. Kh1 Nf6 28. cxd4 Bxd4 {Movsesian,S (2695)-Zontakh,A (2546) Loo 2013 1-0 (41)}) 14... Rae8 15. a4 Kh8 16. a5 f5 17. c4 f4 18. Be4 Nc5 19. Bd2 Qe7 20. Qe2 Rf6 21. g4 Rh6 22. Kg2 Rf8 23. Bf3 Ne6 24. Bc3 Ng5 25. Rh1 a6 26. c5 Bxc5 27. h4 Nxf3 28. Qxf3 Re6 29. Rbe1 Bd4 30. Bd2 Qd7 31. h5 Qd5 32. Re4 Ree8 33. h6 g6 34. Rhe1 Kg8 35. c3 Ba7 36. d4 Bb8 37. c4 Qd8 38. Bb4 Bd6 39. Bxd6 Qxd6 40. dxe5 Qe6 41. Rd1 Rd8 42. Rxf4 Qxe5 43. Rf7 Qe6 1-0

[Event "SRB-chT"]
[Site "Subotica"]
[Date "2008.09.05"]
[Round "5"]
[White "Damljanovic, Branko"]
[Black "Sedlak, Nikola"]
[Result "1-0"]
[WhiteElo "2579"]
[BlackElo "2576"]
[PlyCount "81"]
[EventDate "2008.09.01"]
[EventType "team"]
[EventRounds "11"]
[EventCountry "YUG"]
[SourceTitle "CBM 126 Extra"]
[Source "ChessBase"]
[SourceDate "2008.11.05"]
[SourceVersion "1"]
[SourceVersionDate "2008.11.05"]
[SourceQuality "1"]

1. Nf3 d5 2. g3 g6 3. c4 d4 4. Bg2 Bg7 5. d3 e5 6. b4 Ne7 7. Nbd2 a5 8. b5 c5 9. bxc6 ({RR} 9. Ba3 Nd7 10. Rb1 O-O 11. O-O Qc7 12. Nb3 Qb6 13. Re1 a4 14. Nbd2 Nf5 15. e3 dxe3 16. fxe3 Bh6 17. Nf1 Re8 18. g4 e4 19. N3d2 Nd6 20. d4 Bg7 21. Ng3 {½-½ (21) Damljanovic,B (2486)-Nestorovic,N (2473) Belgrade 2019}) 9... Nexc6 10. O-O O-O 11. Ba3 $146 ({RR} 11. Ne1 Na6 12. Nc2 Bg4 13. Rb1 Qd7 14. Ba3 Rfb8 15. Ne4 b6 16. Qd2 Bh3 17. Bxh3 Qxh3 18. f4 Bh6 19. Bd6 Rb7 20. e3 Nab4 21. exd4 Nxc2 22. Qxc2 exf4 23. Bxf4 Nxd4 24. Nf6+ Kh8 25. Qb2 Rd8 {Miroshnichenko,E (2626)-Barsov,A (2527) Al Ain 2013 1-0 (35)}) 11... Nb4 12. Ne1 N8a6 13. Nc2 Re8 14. Bxb4 axb4 15. a3 bxa3 16. Rxa3 Rb8 17. Qb1 Bg4 18. Re1 Bd7 19. Nb3 Qc8 20. Qa1 b5 21. Na5 b4 22. Rb3 e4 23. Rbb1 Nc5 24. Nxb4 Ra8 25. Nd5 Na4 26. Bxe4 Rxa5 27. Nb6 Qc7 28. Nxd7 Qxd7 29. Rb7 Qd8 30. Rb5 Rxe4 31. dxe4 Ra8 32. Rd5 Qe8 33. e5 Bxe5 34. e3 Nc3 35. Rxe5 Ne2+ 36. Kf1 Qc6 37. Ra5 Re8 38. Qa4 Qe4 39. Kxe2 Kg7 40. Rd5 Qg4+ 41. Kf1 1-0

[Event "Abu Dhabi op 18th"]
[Site "Abu Dhabi"]
[Date "2008.09.10"]
[Round "8"]
[White "Amin, Bassem"]
[Black "Kotsur, Pavel"]
[Result "1-0"]
[WhiteElo "2561"]
[BlackElo "2566"]
[PlyCount "83"]
[EventDate "2008.09.06"]
[EventType "swiss (rapid)"]
[EventRounds "9"]
[EventCountry "UAE"]
[SourceTitle "EXT 2009"]
[Source "ChessBase"]
[SourceDate "2008.11.26"]
[SourceVersion "1"]
[SourceVersionDate "2008.11.26"]
[SourceQuality "1"]

1. e4 c5 2. Nf3 d6 3. g3 Nc6 4. Bg2 g6 5. O-O Bg7 6. c3 e5 7. d3 Nge7 8. a3 a5 9. a4 ({RR} 9. Nbd2 O-O 10. a4 h6 11. Nc4 Be6 12. Qe2 Qc7 13. Rd1 f5 14. Na3 Bb3 15. Nc2 Rf7 16. Nh4 Raf8 17. f4 fxe4 18. Bxe4 exf4 19. gxf4 g5 20. Ng6 Nxg6 21. Bxg6 Re7 22. Qf2 gxf4 23. Ra3 Bxc2 {Univio Sanchez,G (2040)-Gonzalez Velasco,L (2125) Bogota COL 2024 0-1}) 9... O-O 10. Be3 h6 ({RR} 10... b6 11. Nfd2 d5 12. exd5 Nxd5 13. Nc4 Be6 14. Qd2 Rb8 15. Nba3 Qd7 16. Bh6 Bh3 17. Bxg7 Kxg7 18. Bxh3 Qxh3 19. Rfe1 Rbe8 20. Qe2 f5 21. Qf1 Qh5 22. Qg2 Rd8 23. Nxe5 Nxe5 24. Rxe5 Nf6 25. Re7+ {Amin,B (2679)-Korchmar,V (2415) Chess.com INT 2018 0-1 (46)}) 11. Nfd2 f5 $146 ({RR} 11... b6 12. Nc4 Be6 13. Nba3 Rb8 14. Qc2 d5 15. exd5 Nxd5 16. f4 Nxe3 17. Nxe3 exf4 18. Rxf4 Qd7 19. Nac4 Rfd8 20. Rd1 Ne5 21. Nxe5 Bxe5 22. Re4 Bg7 23. Rf4 g5 24. Rff1 b5 25. axb5 Qxb5 26. Rd2 {Elexpe Garcia,A (1800)-Moreno Estebanez,P (2153) Eibar 2019 0-1 (36)}) ({RR} 11... b6 12. Nc4 Be6 13. Qd2 Kh7 14. f4 exf4 15. Bxf4 d5 16. exd5 Nxd5 17. Bd6 Re8 18. Nba3 Ra7 19. Nb5 Rd7 20. Rae1 Na7 21. Bxd5 Bxd5 22. Rxe8 Qxe8 23. Nc7 Rxc7 24. Bxc7 Bb7 25. g4 b5 26. axb5 {Shah,V (1931)-Phadke,S (2177) Barcelona 2022 ½-½ (51)}) 12. Qb3+ Kh7 13. f4 Rb8 14. Na3 Rf6 15. Nb5 Be6 16. Qc2 b6 17. Kh1 Qd7 18. Rad1 Rff8 19. Nc4 Nc8 20. b3 Re8 21. d4 exd4 22. cxd4 Nb4 23. Qb1 Bxc4 24. bxc4 fxe4 25. dxc5 bxc5 26. Bxc5 Nd3 27. Ba3 d5 28. Rxd3 exd3 29. cxd5 Nb6 30. Qxd3 Nxa4 31. Nd6 Nb2 32. Qf3 Rf8 33. f5 Kh8 34. Qe4 Rb3 35. f6 Rxa3 36. Qxg6 Bxf6 37. Qxh6+ Kg8 38. Bh3 Qxd6 39. Be6+ Qxe6 40. Qg6+ Bg7 41. Rxf8+ Kxf8 42. dxe6 1-0

[Event "Barcelona Edami"]
[Site "Barcelona"]
[Date "2008.09.13"]
[Round "8"]
[White "Gonzalez Garcia, Jose"]
[Black "Moskalenko, Viktor"]
[Result "1-0"]
[WhiteElo "2506"]
[BlackElo "2569"]
[PlyCount "166"]
[EventDate "2008.09.08"]
[EventType "tourn"]
[EventRounds "9"]
[EventCountry "ESP"]
[EventCategory "12"]
[SourceTitle "CBM 126"]
[Source "ChessBase"]
[SourceDate "2008.10.01"]
[SourceVersion "1"]
[SourceVersionDate "2008.10.01"]
[SourceQuality "1"]

1. Nf3 d5 2. c4 d4 3. g3 g6 4. Bg2 Bg7 5. d3 e5 6. O-O Ne7 7. b4 O-O 8. Nbd2 Nd7 ({RR} 8... h6 9. a4 a5 10. b5 c5 11. bxc6 Nexc6 12. Ba3 Nb4 13. Ne1 N8a6 14. Nc2 Re8 15. Bxb4 axb4 16. Nb3 Ra7 17. Qd2 Qe7 18. a5 Bf5 19. e3 dxe3 20. Nxe3 Be6 21. Nd5 Qg5 22. Qe3 Qxe3 23. fxe3 {Kramnik,V (2777)-Andreikin,D (2720) Baku 2015 ½-½ (70)}) 9. a4 ({RR} 9. Bb2 c5 10. a3 Rb8 11. Ng5 b6 12. Qa4 Qc7 13. Nb3 h6 14. Ne4 f5 15. Ned2 Bb7 16. bxc5 Bxg2 17. Kxg2 bxc5 18. Rfb1 Rb6 19. Na5 Ra6 20. Ndb3 Nc6 21. Qb5 Rb6 22. Nxc6 Rxb5 23. cxb5 e4 {Arabidze,M (2447)-Pribelszky,B (2400) chess.com INT 2025 0-1 (36)}) 9... Rb8 10. b5 c5 $146 ({RR} 10... Re8 11. Ba3 b6 12. Qc2 Bb7 13. Rfc1 c5 14. bxc6 Bxc6 15. Bd6 Rc8 16. a5 bxa5 17. Bxe7 Rxe7 18. Qa2 a4 19. Bh3 Rb8 20. Qa3 Bf8 21. c5 Re8 22. Rc2 Qe7 23. Rac1 f6 24. Qa2+ Kg7 25. Ne4 {Shestakov,S (2325)-Khanov,V Donskoj 2000 0-1 (38)}) 11. bxc6 bxc6 12. Ne4 Qc7 13. e3 dxe3 14. Bxe3 Nf5 15. Bd2 Nd6 16. Nxd6 Qxd6 17. Bc3 Rd8 18. Qe1 Re8 19. Rd1 Bb7 20. Qe3 c5 21. Rb1 Bc6 22. Nd2 f5 23. Bxc6 Qxc6 24. Qf3 Qxf3 25. Nxf3 Rb6 26. Rxb6 axb6 27. Re1 h6 28. a5 bxa5 29. Bxa5 g5 30. h3 Kf7 31. Kg2 Re6 32. Bc7 e4 33. dxe4 fxe4 34. Nd2 Bc3 35. Re2 Nf6 36. Bd8 Rd6 37. Bxf6 Rxd2 38. Rxd2 Bxd2 39. Bb2 h5 40. f3 exf3+ 41. Kxf3 Ke6 42. Ke4 g4 43. hxg4 hxg4 44. Ba3 Bb4 45. Bc1 Ba5 46. Kf4 Bd8 47. Bb2 Kf7 48. Kxg4 Kg6 49. Kf3 Kf5 50. g4+ Kg5 51. Bc1+ Kf6 52. Ke4 Ke6 53. Be3 Be7 54. Bf2 Bf8 55. Bg1 Be7 56. Be3 Bf8 57. Bf4 Bg7 58. Kd3 Kd7 59. Kc2 Bd4 60. Kb3 Kc6 61. Ka4 Bc3 62. Be3 Bg7 63. Ka5 Bc3+ 64. Ka6 Bd4 65. Bf4 Bg7 66. g5 Bd4 67. g6 Kd7 68. Kb5 Ke6 69. Bc7 Kf6 70. Bb6 Kxg6 71. Bxc5 Bb2 72. Be3 Ba3 73. Bd2 Kf7 74. Bb4 Bc1 75. c5 Ke6 76. c6 Bf4 77. Kb6 Kd5 78. Kb7 Be5 79. Bc3 Bf4 80. Ba5 Be5 81. Bc7 Bc3 82. Bg3 Ba5 83. Bf2 Ke5 1-0